| 000 | 00931nam a2200205Ia 4500 | ||
|---|---|---|---|
| 003 | OSt | ||
| 005 | 20200820123056.0 | ||
| 008 | 191128s1998 ck ad gr 000 0 spa d | ||
| 040 |
_aCo-JMCR _cCo-JMCR |
||
| 041 | 0 | _aspa | |
| 082 | 0 | 4 |
_a368.4 / _bF293m _223 |
| 110 | 2 |
_aColombia. Federeación de Aseguradores Colombianos _99023 |
|
| 245 | 2 | 0 |
_aModalidades de Pensión. Retiro Programado-Rentas Vitalicias / _cFedereación de Aseguradores Colombianos |
| 260 |
_aBogotá : _bFederación de Aseguradores Colombianos, _c1998. |
||
| 300 |
_a94 páginas : _bgráficos a blanco y negro ; _c28 cm. |
||
| 505 | 0 | _aAspectos generales del sistema pensional -- Pensión de vejez en el régimen de prima media -- Pensión de vejez en régimen de ahorro individual -- Pensión de invalidez por riesgo común -- Pensión de sobrevivencia por riesgo común | |
| 650 | 2 | 4 |
_aRégimen pensional _99024 |
| 650 | 2 | 4 |
_aPensiones _99025 |
| 942 |
_2ddc _cBK |
||
| 999 |
_c6037 _d6037 |
||